<?xml version="1.0" encoding="UTF-8"?>
<record
    xmlns:xsi="http://www.w3.org/2001/XMLSchema-instance"
    xsi:schemaLocation="http://www.loc.gov/MARC21/slim http://www.loc.gov/standards/marcxml/schema/MARC21slim.xsd"
    xmlns="http://www.loc.gov/MARC21/slim">

  <leader>01177nam a2200229 i 4500</leader>
  <controlfield tag="001">153530</controlfield>
  <controlfield tag="003">ES-MaACL</controlfield>
  <controlfield tag="005">20251011162543.0</controlfield>
  <controlfield tag="008">931025s1871    sp           |||| | spa d</controlfield>
  <datafield tag="100" ind1="1" ind2=" ">
    <subfield code="a">Duero, Manuel Guti&#xE9;rrez de la Concha,</subfield>
    <subfield code="c">Marqu&#xE9;s del,</subfield>
    <subfield code="d">1808-1874</subfield>
    <subfield code="9">148021</subfield>
  </datafield>
  <datafield tag="245" ind1="1" ind2="0">
    <subfield code="a">Discursos pronunciados en la inauguraci&#xF3;n del Ateneo del Ej&#xE9;rcito y de la Armada / </subfield>
    <subfield code="c">por su presidente... marqu&#xE9;s del Duero y su vicepresidente... Luis Vidart y en la de sus c&#xE1;tedras... Ignacio de Negr&#xED;n.</subfield>
  </datafield>
  <datafield tag="260" ind1=" " ind2=" ">
    <subfield code="a">Madrid : </subfield>
    <subfield code="b">[s.n.], </subfield>
    <subfield code="c">1871 (</subfield>
    <subfield code="f">Imp. y Lit. del Dep&#xF3;sito de la Guerra)</subfield>
  </datafield>
  <datafield tag="300" ind1=" " ind2=" ">
    <subfield code="a">73 p., [8] p. ; </subfield>
    <subfield code="c">22 cm.</subfield>
  </datafield>
  <datafield tag="505" ind1="8" ind2=" ">
    <subfield code="a">Contiene tambi&#xE9;n: Estatutos y Reglamento de 1871 . Lista de los se&#xF1;ores socios de 1871</subfield>
  </datafield>
  <datafield tag="610" ind1="2" ind2="4">
    <subfield code="a">Ateneo del Ej&#xE9;rcito y de la Armada (Madrid)</subfield>
    <subfield code="9">134158</subfield>
  </datafield>
  <datafield tag="700" ind1="1" ind2=" ">
    <subfield code="a">Vidart, Luis,</subfield>
    <subfield code="d">1833-1897</subfield>
    <subfield code="9">114538</subfield>
  </datafield>
  <datafield tag="700" ind1="1" ind2=" ">
    <subfield code="a">Negr&#xED;n, Ignacio de, </subfield>
    <subfield code="d">1830-1885</subfield>
    <subfield code="9">85306</subfield>
  </datafield>
  <datafield tag="710" ind1="2" ind2=" ">
    <subfield code="a">Ateneo del Ej&#xE9;rcito y de la Armada (Madrid)</subfield>
    <subfield code="9">134158</subfield>
  </datafield>
  <datafield tag="710" ind1="1" ind2=" ">
    <subfield code="a">Espa&#xF1;a. </subfield>
    <subfield code="b">Dep&#xF3;sito de la Guerra.</subfield>
    <subfield code="9">167579</subfield>
  </datafield>
  <datafield tag="852" ind1=" " ind2=" ">
    <subfield code="a">ES-MaACL</subfield>
    <subfield code="j">T-121-F-2     </subfield>
    <subfield code="z">- Enc. hol., falto de la enc. original</subfield>
    <subfield code="z">- Enc. en un vol. facticio</subfield>
  </datafield>
  <datafield tag="999" ind1=" " ind2=" ">
    <subfield code="c">153530</subfield>
    <subfield code="d">153530</subfield>
  </datafield>
  <datafield tag="952" ind1=" " ind2=" ">
    <subfield code="0">0</subfield>
    <subfield code="1">0</subfield>
    <subfield code="4">0</subfield>
    <subfield code="7">0</subfield>
    <subfield code="8">Colecci&#xF3;n_de_folletos</subfield>
    <subfield code="a">ATENEOM</subfield>
    <subfield code="b">ATENEOM</subfield>
    <subfield code="c">DEPOF</subfield>
    <subfield code="d">2008-01-17</subfield>
    <subfield code="l">0</subfield>
    <subfield code="o">T-121-F-2</subfield>
    <subfield code="p">1160493</subfield>
    <subfield code="r">2023-02-23 00:00:00</subfield>
    <subfield code="w">2023-02-23</subfield>
    <subfield code="y">FOLLETOS</subfield>
  </datafield>
</record>
